<?xml version="1.0" encoding="UTF-8"?>
<record
    xmlns:xsi="http://www.w3.org/2001/XMLSchema-instance"
    xsi:schemaLocation="http://www.loc.gov/MARC21/slim http://www.loc.gov/standards/marcxml/schema/MARC21slim.xsd"
    xmlns="http://www.loc.gov/MARC21/slim">

  <leader>00726naa a2200205   4500</leader>
  <controlfield tag="001">216219529</controlfield>
  <controlfield tag="003">UA-OsUOA</controlfield>
  <controlfield tag="005">20201027151317.0</controlfield>
  <controlfield tag="008">201027b        un ||||| |||| 00| 0 ukr d</controlfield>
  <datafield tag="040" ind1=" " ind2=" ">
    <subfield code="a">UA-OsUOA</subfield>
    <subfield code="b">ukr</subfield>
    <subfield code="c">UA-OsUOA</subfield>
    <subfield code="d">UA-OsUOA</subfield>
  </datafield>
  <datafield tag="041" ind1=" " ind2=" ">
    <subfield code="a">ukr</subfield>
  </datafield>
  <datafield tag="080" ind1=" " ind2=" ">
    <subfield code="a">908</subfield>
  </datafield>
  <datafield tag="090" ind1=" " ind2=" ">
    <subfield code="a">908</subfield>
  </datafield>
  <datafield tag="100" ind1=" " ind2=" ">
    <subfield code="a">&#x420;&#x435;&#x448;&#x435;&#x442;&#x438;&#x43B;&#x43E;&#x432;&#x430; &#x41E;.</subfield>
  </datafield>
  <datafield tag="245" ind1=" " ind2=" ">
    <subfield code="a">"&#x41E;&#x441;&#x442;&#x440;&#x43E;&#x437;&#x44C;&#x43A;&#x438;&#x439; &#x43A;&#x43B;&#x443;&#x431;" &#x456; &#x441;&#x442;&#x443;&#x434;&#x435;&#x43D;&#x442;&#x441;&#x44C;&#x43A;&#x438;&#x439; &#x440;&#x443;&#x445; &#x437;&#x430; &#x43D;&#x430;&#x446;&#x456;&#x43E;&#x43D;&#x430;&#x43B;&#x44C;&#x43D;&#x443; &#x454;&#x434;&#x43D;&#x456;&#x441;&#x442;&#x44C;</subfield>
    <subfield code="c">&#x41E;&#x43B;&#x44C;&#x433;&#x430; &#x420;&#x435;&#x448;&#x435;&#x442;&#x438;&#x43B;&#x43E;&#x432;&#x430;</subfield>
  </datafield>
  <datafield tag="300" ind1=" " ind2=" ">
    <subfield code="a">&#x421;. 306&#x2013;322</subfield>
  </datafield>
  <datafield tag="650" ind1=" " ind2=" ">
    <subfield code="2">UDC</subfield>
  </datafield>
  <datafield tag="773" ind1="0" ind2=" ">
    <subfield code="0">364744</subfield>
    <subfield code="9">388214</subfield>
    <subfield code="d">&#x41A;. &#x417;&#x410;&#x422; "&#x423;&#x43A;&#x440;&#x430;&#x457;&#x43D;&#x441;&#x44C;&#x43A;&#x430; &#x43F;&#x440;&#x435;&#x441;-&#x433;&#x440;&#x443;&#x43F;&#x430;" 2009</subfield>
    <subfield code="o">134541</subfield>
    <subfield code="t">&#x415;&#x43A;&#x441;&#x442;&#x440;&#x430;&#x43A;&#x442; 150</subfield>
    <subfield code="w">(UA-OsUOA) 78440 </subfield>
    <subfield code="z">978-966-8152-15-3</subfield>
  </datafield>
  <datafield tag="942" ind1=" " ind2=" ">
    <subfield code="2">udc</subfield>
    <subfield code="c">BKA</subfield>
  </datafield>
  <datafield tag="999" ind1=" " ind2=" ">
    <subfield code="c">463660</subfield>
    <subfield code="d">463660</subfield>
  </datafield>
</record>
